| 000 | 00514nam a2200205Ia 4500 | ||
|---|---|---|---|
| 008 | 170918s9999 xx 000 0 und d | ||
| 020 | _a9780531247075 | ||
| 050 | _bH567 2013 | ||
| 100 | _aHerrington, Lisa M. | ||
| 245 | _aBeans to chocolate / | ||
| 245 | _cby Lisa M. Herrington. | ||
| 260 | _aNew York : | ||
| 260 | _bChildren's Press, | ||
| 260 | _c2013 | ||
| 300 | _a32 pages : | ||
| 300 | _bcolored illustration ; | ||
| 300 | _c18cm. | ||
| 440 | _aRookie : read about science. | ||
| 500 | _a550 | ||
| 999 |
_c342758 _d342758 |
||